CBL-II (Record no. 310400)

000 -LEADER
fixed length control field 00302 a2200145 4500
001 - CONTROL NUMBER
control field 75327
082 ## - DEWEY DECIMAL CLASSIFICATION NUMBER
Classification number 155.2 CFT
090 ## - LOCALLY ASSIGNED LC-TYPE CALL NUMBER (OCLC); LOCAL CALL NUMBER (RLIN)
-- 39115
-- 39115
100 ## - MAIN ENTRY--PERSONAL NAME
Personal name CFT
245 ## - TITLE STATEMENT
Title CBL-II
260 ## - PUBLICATION, DISTRIBUTION, ETC.
Place of publication, distribution, etc. Masoor
Name of publisher, distributor, etc. PAF Press Masoor
Date of publication, distribution, etc. 2005
300 ## - PHYSICAL DESCRIPTION
Extent 66p.
500 ## - GENERAL NOTE
General note CFT Precise
520 ## - SUMMARY, ETC.
Summary, etc. CFT Precise
942 ## - ADDED ENTRY ELEMENTS (KOHA)
Institution code [OBSOLETE] NUST CAE
Call number prefix 155.2 CFT
Holdings
Withdrawn status Lost status Damaged status Not for loan Collection code Permanent Location Current Location Date acquired Total Checkouts Full call number Barcode Date last seen Price effective from Koha item type
          College of Aeronautical Engineering (CAE) College of Aeronautical Engineering (CAE) 04/03/2017   155.2 CFT CAEC-1522A 04/05/2017 04/05/2017 Book
© 2023 Central Library, National University of Sciences and Technology. All Rights Reserved.